Využívanie metód hodnotenia spokojnosti pacientov na Slovensku

Informácie o metódach hodnotenia spokojnosti pacientov využívanými rôznymi subjektami zdravotníckeho systému na Slovensku. Návrh na zlepšenie metód hodnotenia spokojnosti pacientov s cieľom lepšieho využívania výsledkov hodnotenia pre zdravotné zariadenia, poisťovne a pacientov samotných.

Saved in:
Bibliographic Details
Main Author: Gavurová, Beáta, 1972-
Other Authors: Klepáková, Adela
Format: Book Chapter
Language:Slovak
Subjects:
Tags: Add Tag
No Tags, Be the first to tag this record!

MARC

LEADER 00000naa a2200000 4500
001 0152849
005 20240502072724.9
041 0 |a slo 
044 |a SK 
245 1 0 |a Využívanie metód hodnotenia spokojnosti pacientov na Slovensku  |c Beáta Gavurová, Adela Klepáková 
520 |a Informácie o metódach hodnotenia spokojnosti pacientov využívanými rôznymi subjektami zdravotníckeho systému na Slovensku. Návrh na zlepšenie metód hodnotenia spokojnosti pacientov s cieľom lepšieho využívania výsledkov hodnotenia pre zdravotné zariadenia, poisťovne a pacientov samotných. 
610 2 0 |a Slovensko 
610 2 0 |a zdravotníctvo verejné 
610 2 0 |a hodnotenie pracoviska 
610 2 0 |a starostlivosť o zdravie 
610 2 0 |a starostlivosť zdravotná 
610 2 0 |a poisťovne zdravotné 
100 1 |a Gavurová, Beáta, 1972- 
700 1 |a Klepáková, Adela